Green and Reverse Logistics in Conditions of Sustainable Development in Enterprises in Slovakia
Zelená a reverzná logistika vo firmách na Slovensku. Využitie zelenej a reverznej logistiky v podmienkach trvalo udržateľného rozvoja v podnikoch na Slovensku. Bariéry pri implementácii prvkov environmentálnej logistiky.
Uložené v:
| Hlavný autor: | |
|---|---|
| Ďalší autori: | |
| Médium: | Kapitola |
| Jazyk: | English |
| Predmet: | |
| Tagy: |
Žiadne tagy, Buďte prvý, kto otaguje tento záznam!
|
MARC
| LEADER | 00000naa a2200000 4500 | ||
|---|---|---|---|
| 001 | 0272449 | ||
| 005 | 20260316101309.9 | ||
| 041 | 0 | |a eng | |
| 044 | |a CH | ||
| 245 | 1 | 0 | |a Green and Reverse Logistics in Conditions of Sustainable Development in Enterprises in Slovakia |c Patrik Richnák, Klaudia Gubová |
| 520 | |a Zelená a reverzná logistika vo firmách na Slovensku. Využitie zelenej a reverznej logistiky v podmienkach trvalo udržateľného rozvoja v podnikoch na Slovensku. Bariéry pri implementácii prvkov environmentálnej logistiky. | ||
| 610 | 2 | 0 | |a logistika zelená |
| 610 | 2 | 0 | |a logistika reverzná |
| 610 | 2 | 0 | |a Slovensko |
| 100 | 1 | |a Richnák, Patrik, 1988- | |
| 700 | 1 | |a Gubová, Klaudia, 1986- | |